| 000 | 01092cam a2200277 i 4500 | ||
|---|---|---|---|
| 003 | SA-RiAUC | ||
| 005 | 20250129073130.0 | ||
| 008 | 250122s1985 jo g b 000 0bara c | ||
| 040 |
_aJO-MaAABU _bara _cSA-RiAUC _erda |
||
| 082 | 0 | 4 |
_a922.2 _qSA-RiAUC |
| 090 |
_a922.2 _bب س ي |
||
| 100 | 1 |
_aالبسيط، أحمد إسماعيل _eمؤلف. |
|
| 245 | 1 | 0 |
_aالحسن البصري مفسرا / _cأحمد إسماعيل البسيط. |
| 250 | _aالطبعة الأولى. | ||
| 264 | 1 |
_aعمان، الأردن : _bدار الفرقان، _c1985 |
|
| 300 |
_a194 صفحة ؛ _c24 سم |
||
| 336 |
_aنص _btxt _2rdacontent _3كتاب |
||
| 337 |
_aبدون وسيط _bn _2rdamedia |
||
| 338 |
_aمجلد _bnc _2rdacarrier |
||
| 504 | _aببليوجرافية : صفحة 182-191. | ||
| 590 | _aهادي. | ||
| 600 | 1 | 7 |
_aالحسن البصري، الحسن بن يسار البصري، _d21-110 هجري _xمساهمات في تفسير القرآن _2aucnm |
| 630 | 2 | 7 |
_aالقرآن _xتفسير _vتراجم _2aucut |
| 942 |
_2ddc _cBOOK _n0 |
||
| 949 |
_aSA-JeALM _d250122 _uosman123 _n1 |
||
| 999 |
_c5393 _d5393 |
||